| 000 | 00782nam a2200217 a 4500 | ||
|---|---|---|---|
| 001 | 5356 | ||
| 003 | CDMR | ||
| 005 | 20131210175547.0 | ||
| 008 | 130130s1993||||||||||||||||||||||||||||d | ||
| 020 | _a8481120081 | ||
| 040 |
_aCDMR _bcat _cCPC GIRONA |
||
| 245 | 0 | 0 |
_aNews Media and European Unity _b: contributions from EC experts _c[conduction of the study: Fundesco, Association of European Journalists ; coordinators: Manuel RodrÃguez, Andrew J. Grosso] |
| 260 |
_bFundesco _aMadrid |
||
| 260 |
_c1993 _bAssociation of European Journalists |
||
| 300 |
_a71 p. _c30 cm |
||
| 490 | 0 | _a1993 Fundesco's Annual Reports | |
| 650 | 0 | 4 |
_91607 _aMitjans de comunicació de massa _zEuropa |
| 710 | 2 |
_9385 _aFUNDESCO |
|
| 710 | 2 |
_93043 _aAssociation of European Journalists |
|
| 942 |
_cMON _2udc |
||
| 999 |
_c5356 _d5356 |
||